| 000 | nam a22 7a 4500 | ||
|---|---|---|---|
| 999 |
_c127765 _d127765 |
||
| 008 | 180323b xxu||||| |||| 00| 0 eng d | ||
| 050 | _aBX2205S272 | ||
| 100 |
_aSaxer, Victor _940936 |
||
| 245 |
_aLes rites de L'initiation cheretienne du ll au vi siecle: _besquisse historique et signification d'apres leurs principaux temoins _c/ by Victor Saxer |
||
| 260 |
_bSpoleto, _c1988 |
||
| 300 |
_a690p.; _c22cm. |
||
| 440 |
_acetro italiano di studi sull'alto mediovo no. 7 _940937 |
||
| 650 |
_aBaptism _xhistory and doctrines _940938 |
||
| 942 |
_2lcc _cMONOGRAPH |
||